[Event "GRENKE Rapid WCh"]
[Site "Mainz GER"]
[Date "2010.08.07"]
[Round "4"]
[White "Schneider, Il"]
[Black "Shirov, A."]
[Result "1/2-1/2"]
[WhiteElo "2515"]
[BlackElo "2749"]
[PlyCount "43"]
[EventDate "2010.08.07"]

1. d4 d5 2. c4 c6 3. Nf3 Nf6 4. e3 Bf5 5. Nc3 e6 6. Nh4 Bg6 7. Be2 Nbd7 8. O-O
Ne4 9. Nxg6 hxg6 10. Nxe4 Qh4 11. h3 dxe4 12. d5 Ne5 13. b3 exd5 14. Bb2 Qg5
15. cxd5 cxd5 16. f4 exf3 17. Bxf3 Bd6 18. Qxd5 Rxh3 19. Qxd6 Nxf3+ 20. Rxf3
Rxf3 21. Ba3 Qxe3+ 22. Kh1 1/2-1/2